ბათუმის შოთა რუსთაველის სახელმწიფო უნივერსიტეტის ბიბლიოთეკა

ლაზური პარამითეფე : (ბიბ.ჩანაწერი № 38179)

000 -ლიდერი
ფიქსირებული სიგრძის საკონტროლო ველი 01294nam a2200217Ia 4500
001 - საკონტროლო ნომერი
საკონტროლო ველი 4169
003 - საკონტროლო ნომრის იდენტიფიკატორი
საკონტროლო ველი GE_BSU
005 - ბოლო ოპერაციის თარიღი და დრო
საკონტროლო ველი 20190920150337.0
008 - ფიქსირებული სიგრძის მონაცემთა ელემენტები - ზოგადი ინფორმაცია
ფიქსირებული სიგრძის საკონტროლო ველი 181216s1982||||ge |||||||||||||| ||geo||
040 ## - კატალოგიზაციის წყარო
Transcribing agency GE_BSU
041 ## - ენის კოდი
Language code of text/sound track or separate title geo
080 ## - უნივერსალური ათობითი კლასიფიკაციის ინდექსი
Universal Decimal Classification number 821.353.31-91 ლ-16
245 ## - ცნობა სათაურის შესახებ
Title ლაზური პარამითეფე :
Remainder of title ქართული ენის ლაზურ დიალექტზე /
Statement of responsibility, etc წიგნი შეადგინა და ლიტ. რედ. გაუკეთა ნათელა ქუთელიამ ; ლექსიკონი შეადგინეს: სერგი ჯიქიამ და ნათელა ქუთელიამ ; რედ.: ზურაბ თანდილავა ; მხატვ.: ირაკლი ყიფშიძე.
264 ## - წარმოების, გამოცემის, დისტრიბუციის და სხვა ცნობები
გამოცემის, წარმოების, დისტრიბუციის... ადგილი თბ.:
გამოცემის, წარმოების, დისტრიბუციის... სახელწოდება საქ. სსრ მეცნ. აკად.,
გამოცემის, წარმოების, დისტრიბუციის... თარიღი 1982.
300 ## - ფიზიკური აღწერა
Extent 103 გვ. ;
Other physical details 20 სმ.
653 ## - INDEX TERM--UNCONTROLLED
Uncontrolled term ლაზურ დიალექტი
700 ## - ADDED ENTRY--PERSONAL NAME
Personal name ქუთელია, ნათელა
Relator term შემდგენელი
9 (RLIN) 4187
700 ## - ADDED ENTRY--PERSONAL NAME
Personal name თანდილავა, ზურაბ
Relator term რედაქტორი
9 (RLIN) 4188
700 ## - ADDED ENTRY--PERSONAL NAME
Personal name ყიფშიძე, ირაკლი
Relator term მხატვარი
9 (RLIN) 4189
942 ## - ADDED ENTRY ELEMENTS (KOHA)
Koha item type წიგნი
Source of classification or shelving scheme
ეგზემპლარები
ჩამოწერის სტატუსი დაკარგული ეგზემპლარის სტატუსი კლასიფიკაციის წყარო ან თაროზე გაწყობის სქემა დაზიანების სტატუსი არ გაიცემა მუდმივი მდებარეობა (დაცვის ადგილი) ამჟამინდელი ადგილსამყოფელი თაროზე განთავსების ადგილი შეძენის თარიღი ღირებულება, შესყიდვის ნორმალური ფასი სრული შენახვის შიფრი შტრიხკოდი ბოლო ოპერაციის თარიღი ეგზემპლარის მიმდევრობითი ნომერი (კეტერი?) ფასის ძალაში შესვლის თარიღი ეგზემპლარის სახეობა საჯარო შენიშვნა
          ბათუმის შოთა რუსთაველის სახელმწიფო უნივერსიტეტის მთავარი ბიბლიოთეკა ბათუმის შოთა რუსთაველის სახელმწიფო უნივერსიტეტის მთავარი ბიბლიოთეკა წიგნსაცავი 2018-12-17 3.00 821.353.31-91 ლ-16 5722 2018-12-17 5722 2018-12-17 წიგნი 3 ლ.